| 000 | 00578nam a2200181Ia 4500 | ||
|---|---|---|---|
| 008 | 151018s9999 xx 000 0 und d | ||
| 082 |
_bRBASDV39688 _a891.463 |
||
| 100 | _aजगदीश भोवड | ||
| 245 | _aयुनिट नंबर ९ | ||
| 250 | _b1 | ||
| 260 |
_bनवचेतन्य प्रकाशन मुंबई _c2005 |
||
| 300 | _a107 | ||
| 600 | _aजगदीश भोवड | ||
| 630 | _aयुनिट नंबर ९ | ||
| 700 | _aजगदीश भोवड | ||
| 730 | _aयुनिट नंबर ९ | ||
| 942 | _cBOOK | ||
| 999 |
_c1038974 _d1038971 |
||